00512nam a2200145 a 450000100100000000500170001000800410002704000250006810000320009324500600012526000570018530000200024250000730026250400310033500002228020200930011650.0100921s1998 dr 001 0 spa d aDO-SdBNPbspacBNPHU1 aGonzález Camacho, Ricardo13aEl municipio que tenemos /cRicardo González Camacho. aSanto Domingo :bCentro de Estudios Sociales,c1998. a78 P. ;c21 cm. aIncluye referencias bibliográficas y notas al pie de las páginas aBibliografía : p. 77 -78